Online
Catalog
Normal view MARC view

Entry Término temático

Number of records used in: 1

001 - NÚMERO DE CONTROL

  • campo de control: 69828

003 - IDENTIFICADOR DEL NÚMERO DE CONTROL

  • campo de control: BNPHU

005 - FECHA Y HORA DE LA ÚLTIMA TRANSACCIÓN

  • campo de control: 20260424113300.0

008 - DATOS DE LONGITUD FIJA

  • campo de control de longitud fija: 200615|| aca||aabn | a|a d

040 ## - FUENTE DE LA CATALOGACIÓN

  • Centro catalogador/agencia de origen: DO-SdBNP
  • Lengua de catalogación: spa
  • Centro/agencia transcriptor: BNPHU
  • Normas de descripción: rda

150 ## - ENCABEZAMIENTO--TÉRMINO DE MATERIA

  • Término de materia o nombre geográfico como elemento de entrada: Tribunales fiscales

360 ## - REFERENCIA COMPLEJA DE VÉASE ADEMÁS-MATERIA

  • Texto explicativo: nombres de tribunales fiscales específicos

450 0# - TRAZADO DE VÉASE--TÉRMINO DE MATERIA

  • Término de materia o nombre geográfico como elemento de entrada: Tax courts

450 0# - TRAZADO DE VÉASE--TÉRMINO DE MATERIA

  • Término de materia o nombre geográfico como elemento de entrada: Impuestos
  • Subdivisión general: Tribunales

550 ## - TRAZADO VÉASE ADEMÁS--TÉRMINO DE MATERIA

  • Término de materia o nombre geográfico como elemento de entrada: Tribunales administrativos
  • Subcampo de control: g

550 ## - TRAZADO VÉASE ADEMÁS--TÉRMINO DE MATERIA

  • Término de materia o nombre geográfico como elemento de entrada: Procedimiento administrativo
  • Subcampo de control: g

550 ## - TRAZADO VÉASE ADEMÁS--TÉRMINO DE MATERIA

  • Término de materia o nombre geográfico como elemento de entrada: Derecho procesal
  • Subcampo de control: g

550 ## - TRAZADO VÉASE ADEMÁS--TÉRMINO DE MATERIA

  • Término de materia o nombre geográfico como elemento de entrada: Tribunales de aduanas

550 ## - TRAZADO VÉASE ADEMÁS--TÉRMINO DE MATERIA

  • Término de materia o nombre geográfico como elemento de entrada: Impuestos
  • Subdivisión general: Protestas y apelación

670 ## - FUENTE DE DATOS ENCONTRADOS

  • Cita de la fuente: Work cat.: (OSt)42068: Sánchez Pimentel, Luis Porfirio 69825, El fiscal inmobiliario y las infracciones penales ante la jurisdicción inmobiliaria :, 2013.

670 ## - FUENTE DE DATOS ENCONTRADOS

  • Identificador Uniforme del Recurso: https://librunam.dgb.unam.mx:8443/F/BCV25QYYB1KKN56LCV93GG7PQTPA5V8IFLN1DJ6RM7R4TPMLX9-02093?func=full-set-set&set_number=003901&set_entry=000001&format=001 Consultado en 24 de Abril, 2026

680 ## - NOTA GENERAL PÚBLICA

  • Texto explicativo: Aquí se asientan las obras sobre la organización y el procedimiento ante los tribunales especiales o administrativos (cuasi-judiciales) agencias que conciernen con sentencias sobre ingresos

750 0# - ENTRADA DE ENLACE DE ENCABEZAMIENTO ESTABLECIDO--TÉRMINO DE MATERIA

  • Término de materia o nombre geográfico como elemento de entrada: Tax courts
  • Número de control del registro de autoridad o número normalizado: sh 85132815

Powered by Koha